[Event "R6Ronde4 Ramonville2-Loures-Barousse"]
[Site "?"]
[Date "2003.01.19"]
[Round "4.4"]
[White "Cordier, Michel"]
[Black "Grossetti, Quentin"]
[Result "1-0"]
[WhiteElo "1360"]
[BlackElo "1110"]
[EventDate "2003.??.??"]
[PlyCount "81"]

1.Nf3 c5 2.b3 Nf6 3.Bb2 Nc6 4.e3 g6 5.d3 Bg7 6.Nbd2 O-O 7.Rb1 d5 8.c4 Bg4 
9.Be2 d4 10.exd4 cxd4 11.O-O a6 12.Re1 b5 13.Ra1 bxc4 14.Nxc4 Rb8 15.Nfe5 
Bxe2 16.Rxe2 Nxe5 17.Nxe5 Rb5 18.Nc6 Qd6 19.Nxd4 Rh5 20.Nf3 Ng4 21.g3 Bxb2
22.Rxb2 Qb6 23.Qe2 e6 24.Rd1 Qb5 25.d4 e5 26.dxe5 Rxe5 27.Nxe5 Nxe5 28.
Qxb5 axb5 29.Kg2 Rc8 30.Rd5 f6 31.Rbd2 b4 32.Rd8+ Rxd8 33.Rxd8+ Kg7 34.Rd4
Nc6 35.Rc4 Ne5 36.Rxb4 Nd3 37.Rb7+ Kh6 38.Rc7 Ne1+ 39.Kh3 f5 40.f4 Kh5 41.
Rxh7# 1-0

[Event "R6Ronde4 Albi3-Sainte-Foy2"]
[Site "?"]
[Date "2003.01.19"]
[Round "4.4"]
[White "PREST, Vincent"]
[Black "LOPEZ, Michel"]
[Result "0-1"]
[WhiteElo "1009"]
[BlackElo "1150"]
[PlyCount "132"]

1.e4 c5 2.Nf3 d6 3.Bb5+ Bd7 4.Bxd7+ Nxd7 5.O-O Ngf6 6.d3 Qb6 7.Bf4 e5 8.
Be3 Qxb2 9.Nbd2 Qb6 10.Rb1 Qc7 11.c3 Be7 12.d4 O-O 13.d5 a6 14.c4 Rfb8 15.
Qa4 b5 16.cxb5 axb5 17.Qb3 h6 18.Rfc1 Ng4 19.a3 Qa5 20.Qb2 Qxa3 21.Qxa3 
Rxa3 22.Re1 Nxe3 23.fxe3 c4 24.Rb2 c3 25.Rb4 cxd2 26.Nxd2 Bg5 27.Nf3 Bxe3+
28.Kf1 Nc5 29.h4 Nd3 30.Rxe3 Nxb4 31.Rxa3 Nc2 32.Ra2 Ne3+ 33.Ke2 Ng4 34.
Ra6 Rd8 35.Rb6 Nf6 36.Rxb5 Nxe4 37.Ke3 Nc3 38.Rb7 Nxd5+ 39.Ke4 Nf6+ 40.Kf5
g6+ 41.Kxf6 e4 42.Nd4 e3 43.Rxf7 Re8 44.Rg7+ Kf8 45.Rxg6 e2 46.Nxe2 Rxe2 
47.Rxh6 Rxg2 48.Rh8+ Rg8 49.Rxg8+ Kxg8 50.h5 Kh7 51.Kg5 d5 52.h6 d4 53.Kh5
d3 54.Kg5 d2 55.Kh5 d1=Q+ 56.Kg5 Qh1 57.Kg4 Qxh6 58.Kf5 Qh5+ 59.Kf6 Kh6 
60.Ke6 Kg6 61.Kd6 Kf6 62.Kc6 Ke6 63.Kb6 Kd6 64.Ka6 Kc6 65.Ka7 Qb5 66.Ka8 
Qb7# 0-1

[Event "R6Ronde4 L'union-Cahors2"]
[Site "?"]
[Date "2003.01.19"]
[Round "4.1"]
[White "Sablayrolles"]
[Black "Materre, D."]
[Result "1/2-1/2"]
[WhiteElo "1740"]
[BlackElo "1760"]
[PlyCount "64"]

1.c4 Nf6 2.Nc3 e6 3.g3 d5 4.Bg2 c6 5.Qb3 Be7 6.d4 O-O 7.Nf3 Re8 8.Ne5 Nbd7
9.O-O Qc7 10.Nd3 dxc4 11.Qxc4 Nd5 12.Nxd5 exd5 13.Bxd5 Rf8 14.Bf4 Qd8 15.
Bxc6 Nb6 16.Qc3 bxc6 17.Qxc6 Qxd4 18.Be3 Qd6 19.Qg2 Qd5 20.Bxb6 Qxg2+ 21.
Kxg2 axb6 22.a3 Re8 23.Rfe1 Bf6 24.Rab1 Bf5 25.f4 h5 26.Kf2 h4 27.Kf3 h3 
28.e4 Bd7 29.Nb4 Bc8 30.Nd5 Bd8 31.Re3 b5 32.Rc1 Be6 1/2-1/2

[Event "R6Ronde4 L'union-Cahors2"]
[Site "?"]
[Date "2003.01.19"]
[Round "4.2"]
[White "Van Hall, Pieter"]
[Black "Ivanoff, D."]
[Result "1-0"]
[WhiteElo "1530"]
[BlackElo "1460"]
[PlyCount "83"]

1.d4 d5 2.c4 Nf6 3.cxd5 Nxd5 4.Nf3 e6 5.e4 Bb4+ 6.Bd2 Bxd2+ 7.Qxd2 Nf6 8.
Nc3 Nc6 9.Bb5 Bd7 10.O-O a6 11.Ba4 b5 12.Bc2 Nb4 13.Bb1 Qe7 14.a3 Nc6 15.
b4 h6 16.Ba2 O-O 17.e5 Nh7 18.Rac1 Rad8 19.Rfd1 Bc8 20.Ne4 Bb7 21.Nc5 Bc8 
22.Qc3 Ng5 23.Nxg5 Qxg5 24.Ne4 Qf4 25.Qxc6 Rd7 26.g3 Qg4 27.f3 Qg6 28.Bb1 
Qh5 29.Kg2 Re7 30.Nc5 Rd8 31.Qe4 Qf5 32.Qa8 Qg5 33.f4 Qh5 34.Qe4 Qf5 35.
Qxf5 exf5 36.d5 g6 37.Ba2 a5 38.Kf3 Kg7 39.d6 cxd6 40.exd6 Bb7+ 41.Nxb7 
Rxb7 42.Rc7 1-0

[Event "R6Ronde4 L'union-Cahors2"]
[Site "?"]
[Date "2003.01.19"]
[Round "4.3"]
[White "EYMOND, Jean"]
[Black "ROUQUAL, Olivier"]
[Result "1/2-1/2"]
[WhiteElo "1440"]
[BlackElo "1500"]
[PlyCount "131"]

1.d4 d5 2.Nf3 Bf5 3.e3 e6 4.c3 Nf6 5.Ne5 Bd6 6.Bb5+ Nbd7 7.Nd2 Bxe5 8.dxe5
Ne4 9.O-O c6 10.Be2 Nxe5 11.Nf3 Nxf3+ 12.Bxf3 O-O 13.Bxe4 Bxe4 14.f3 Bf5 
15.Re1 e5 16.e4 dxe4 17.fxe4 Qxd1 18.Rxd1 Bxe4 19.Re1 f5 20.b3 Rae8 21.Re3
Bc2 22.Rg3 f4 23.Rf3 Be4 24.Rf2 f3 25.g3 Bd3 26.Ba3 Rf7 27.Re1 e4 28.Re3 
Rd7 29.Rfxf3 exf3 30.Rxe8+ Kf7 31.Rf8+ Kg6 32.Rxf3 Be2 33.Re3 Rd1+ 34.Kf2 
Bd3 35.Re6+ Kf5 36.Re7 Rd2+ 37.Kg1 Rxa2 38.Bb4 Ra1+ 39.Kf2 Ra2+ 40.Kg1 Bc2
41.Rxb7 Kf6 42.Rc7 Ra6 43.Bc5 Bxb3 44.Bxa7 Bd5 45.Bd4+ Kg6 46.Rxg7+ Kh6 
47.h4 Ra4 48.Kf2 Rxd4 49.Rxh7+ Kxh7 50.cxd4 Kg6 51.Ke3 Kf5 52.Kf2 Kg4 53.
Ke3 Bf3 54.Kf2 Bd5 55.Ke3 Kf5 56.h5 Kg5 57.g4 Be6 58.h6 Kxh6 59.Kf4 Bxg4 
60.Kxg4 Kg6 61.Kf4 Kf6 62.Ke4 Ke6 63.Kd3 Kd5 64.Kc3 Kd6 65.Kc4 Kd7 66.Kc5 
1/2-1/2

[Event "R6Ronde4 Ramonville3-Albi2"]
[Site "?"]
[Date "2003.01.19"]
[Round "4.4"]
[White "SERRES, Olivier"]
[Black "LEZAUD, Pascal"]
[Result "1-0"]
[WhiteElo "1390"]
[BlackElo "1370"]
[PlyCount "117"]

1.e4 c5 2.Nc3 Nc6 3.g3 e5 4.Bg2 g6 5.d3 Bg7 6.Nd5 f6 7.Nf3 Nge7 8.Ne3 d6 
9.c3 O-O 10.O-O Rb8 11.Nc2 Qc7 12.Be3 b5 13.a3 Be6 14.Qd2 Na5 15.Qe2 Nb3 
16.Rad1 a5 17.d4 Bc4 18.Qe1 Bxf1 19.Qxf1 cxd4 20.Bc1 Nc6 21.cxd4 Ncxd4 22.
Ncxd4 Nxd4 23.Nxd4 exd4 24.Rxd4 Rfe8 25.Rd1 a4 26.Be3 b4 27.Rc1 Qe7 28.
Qc4+ Qe6 29.Qc6 Rbc8 30.Qxa4 Rxc1+ 31.Bxc1 Qc4 32.Bf4 Rd8 33.Qa5 Qc8 34.
Qxb4 Bf8 35.Qd4 Kg7 36.b4 Qa6 37.Qb2 Ra8 38.Bg5 Be7 39.e5 Rf8 40.exd6 Qxd6
41.Be3 Qd1+ 42.Bf1 Rc8 43.Qa2 Rc6 44.b5 Qc2 45.Qd5 Rd6 46.Qb7 Kf7 47.b6 
Qd1 48.Qa8 Rd8 49.b7 Qd5 50.Qa6 Kg7 51.Bf4 Bd6 52.Bxd6 Rxd6 53.Qa7 Rd7 54.
b8=Q Rxa7 55.Qxa7+ Kh6 56.a4 f5 57.Qe3+ Kg7 58.f4 Qa5 59.Qe5+ 1-0

[Event "R6Ronde4 Ramonville3-Albi2"]
[Site "?"]
[Date "2003.01.19"]
[Round "4.3"]
[White "DAMIANO, Herve"]
[Black "GRONDIN, Luciano"]
[Result "1-0"]
[WhiteElo "1520"]
[BlackElo "1360"]
[PlyCount "75"]

1.d4 Nf6 2.c4 g6 3.Nc3 Bg7 4.e4 d6 5.Be2 O-O 6.Nf3 c6 7.O-O Nbd7 8.a3 Re8 
9.d5 Nc5 10.Qc2 Qb6 11.h3 Qb3 12.Bd3 Qxc2 13.Bxc2 cxd5 14.exd5 a6 15.Rb1 
Rb8 16.b4 Ncd7 17.Be3 b5 18.c5 dxc5 19.bxc5 e5 20.c6 Nb6 21.d6 Nc4 22.d7 
Nxd7 23.cxd7 Bxd7 24.Bc5 Bc6 25.Be4 Bd7 26.Rfd1 Be6 27.Nd5 Bxd5 28.Bxd5 e4
29.Ng5 Ne5 30.Nxe4 Nd7 31.Bxf7+ Kxf7 32.Nd6+ Ke7 33.Nxe8+ Kxe8 34.Re1+ Kd8
35.Be7+ Kc8 36.Bd6 Rb6 37.Rbc1+ Kd8 38.Bc7+ 1-0

[Event "R6Ronde4 Albi3-Sainte-Foy2"]
[Site "?"]
[Date "2003.01.19"]
[Round "4.1"]
[White "GRANBERG, Edwin"]
[Black "PREST, Veronique"]
[Result "1-0"]
[WhiteElo "1500"]
[BlackElo "1120"]
[PlyCount "83"]

1.b4 e5 2.Bb2 Bd6 3.b5 c6 4.a4 Nf6 5.h3 b6 6.Nf3 Qe7 7.d3 a6 8.Nbd2 axb5 
9.axb5 Bb7 10.Rxa8 Bxa8 11.Qa1 Bb7 12.bxc6 Bxc6 13.Nc4 e4 14.Nxd6+ Qxd6 
15.Be5 Qe7 16.Bxf6 Qxf6 17.Qxf6 gxf6 18.Nh4 d5 19.Nf5 O-O 20.g4 Re8 21.d4 
Ba4 22.Kd2 Nc6 23.Bg2 Nb4 24.c3 Nc6 25.Rb1 Rb8 26.Ne3 Ne7 27.f3 b5 28.fxe4
dxe4 29.Bxe4 Ng6 30.Ng2 Rb6 31.Rb4 Ne7 32.Nf4 Nc6 33.Bxc6 Rxc6 34.Nd3 Ra6 
35.Nc5 Ra5 36.Nxa4 bxa4 37.Kc2 a3 38.Kb1 Kg7 39.Ka2 Kg6 40.c4 Kg5 41.Rb5+ 
Rxb5 42.cxb5 1-0

[Event "Blaye-Castel/Moissac"]
[Site "?"]
[Date "2003.01.19"]
[Round "4"]
[White "Riviere, Fréderic"]
[Black "Jalras, Laurent"]
[Result "1-0"]
[WhiteElo "1740"]
[BlackElo "1660"]
[EventDate "2003.??.??"]
[PlyCount "49"]

1.e4 g6 2.Nf3 Bg7 3.Bc4 c6 4.h3 d5 5.exd5 cxd5 6.Bb3 e6 7.d4 Nc6 8.Bf4 
Nge7 9.O-O O-O 10.Bg5 h6 11.Bh4 Qd7 12.c3 Nf5 13.Bg3 Nxg3 14.fxg3 Na5 15.
Nbd2 b6 16.Qe2 Nb7 17.Bc2 Nd6 18.Ne5 Bxe5 19.Qxe5 Ba6 20.Rf4 Qe7 21.Re1 
Rae8 22.Rf6 Bc8 23.h4 h5 24.Bxg6 Kg7 25.Rxf7+ 1-0

[Event "Blaye-Castel/Moissac"]
[Site "?"]
[Date "2003.01.19"]
[Round "4"]
[White "Catala, Laurent"]
[Black "Valat, Jean-Marie"]
[Result "1-0"]
[WhiteElo "1650"]
[BlackElo "1450"]
[EventDate "2003.??.??"]
[PlyCount "75"]

1.e4 e6 2.Nf3 d6 3.Nc3 Nf6 4.d4 d5 5.exd5 Nxd5 6.Nxd5 exd5 7.Be2 Bd6 8.c3 
Be6 9.Ng5 O-O 10.Nxe6 fxe6 11.Be3 Nd7 12.Bd3 Qf6 13.Qh5 h6 14.Qg4 Rae8 15.
O-O-O Bf4 16.Qxf4 Qxf4 17.Bxf4 Rxf4 18.f3 c5 19.Bb5 Re7 20.Bxd7 Rxd7 21.
dxc5 b6 22.cxb6 axb6 23.Rhe1 Rf6 24.Re2 b5 25.Rd4 Ra7 26.a3 Ra4 27.Rxa4 
bxa4 28.Rd2 Rf4 29.Rd4 g5 30.Kd2 Kf7 31.Ke3 Rxd4 32.Kxd4 Kf6 33.c4 dxc4 
34.Kxc4 h5 35.Kb4 g4 36.Kxa4 e5 37.Kb4 gxf3 38.gxf3 1-0

[Event "Blaye-Castel/Moissac"]
[Site "?"]
[Date "2003.01.19"]
[Round "4"]
[White "Arlabosse, Nicolas"]
[Black "Dirat, Sylvain"]
[Result "0-1"]
[WhiteElo "1580"]
[BlackElo "1760"]
[EventDate "2003.??.??"]
[PlyCount "108"]

1.e4 e5 2.Nf3 Nc6 3.d4 exd4 4.Nxd4 Qf6 5.Be3 Bc5 6.c3 Nxd4 7.Bxd4 Bxd4 8.
Qxd4 Qxd4 9.cxd4 d6 10.Nd2 Bd7 11.Bd3 Ne7 12.h3 O-O 13.O-O Nc6 14.Bb5 a6 
15.Bxc6 Bxc6 16.Rac1 Bb5 17.Rfe1 Rac8 18.Rc3 Rfe8 19.Rec1 Re7 20.f3 h6 21.
Nc4 Bxc4 22.Rxc4 Kf8 23.Kf2 Ke8 24.R4c3 Kd8 25.b4 d5 26.e5 c6 27.Re1 Kc7 
28.g3 Rce8 29.Rce3 Kb6 30.a3 Kb5 31.Rc1 f6 32.f4 f5 33.h4 g5 34.hxg5 hxg5 
35.Rh1 gxf4 36.gxf4 Kc4 37.Rd1 Rh8 38.Kg2 Rh4 39.Rf3 Rg7+ 40.Rg3 Rxg3+ 41.
Kxg3 Rg4+ 42.Kf3 Kb3 43.Rd3+ Kc4 44.Rd1 Kc3 45.Rh1 Rg7 46.Rh5 Rf7 47.e6 
Re7 48.Rxf5 Rxe6 49.Re5 Rh6 50.Re7 b5 51.Ra7 Kxd4 52.Rxa6 Kc3 53.Ra7 d4 
54.Rd7 d3 0-1

[Event "R6Ronde4 Muret3-Tournefeuille3"]
[Site "?"]
[Date "2003.01.19"]
[Round "4.2"]
[White "Artis, Francois"]
[Black "Sylvain, Christophe"]
[Result "0-1"]
[WhiteElo "1780"]
[BlackElo "1470"]
[EventDate "2003.??.??"]
[PlyCount "70"]

1.e4 c6 2.c4 g6 3.d4 d6 4.Nc3 Qc7 5.Be3 Bg7 6.Qd2 Nd7 7.f4 Ngf6 8.Be2 e5 
9.Rd1 O-O 10.fxe5 dxe5 11.d5 Rd8 12.b4 cxd5 13.cxd5 Nb6 14.Bc5 Nxe4 15.
Bxb6 Qxb6 16.Nxe4 Bf5 17.Ng3 Be6 18.Bc4 Bf8 19.a3 a5 20.Qf2 Bxb4+ 21.axb4 
Qxb4+ 22.Rd2 Qxc4 23.N1e2 Bxd5 24.O-O a4 25.Rc1 Qb3 26.Nc3 a3 27.Na2 Rd7 
28.Ne4 Rdd8 29.Nf6+ Kg7 30.Rcd1 Ra5 31.Rf1 Bc4 32.Ng4 Rxd2 33.Qxd2 Bxf1 
34.Qxa5 Qb2 35.Nxe5 Qxg2# 0-1

[Event "R6Ronde4 Rodez2-Cate2"]
[Site "?"]
[Date "2003.01.19"]
[Round "4.4"]
[White "Delay, Guillaume"]
[Black "Flaujac, Benoit"]
[Result "0-1"]
[WhiteElo "1099"]
[BlackElo "1299"]
[EventDate "2003.??.??"]
[PlyCount "120"]

1.e4 e5 2.Nf3 Nc6 3.Bc4 Be7 4.O-O Nf6 5.Nc3 O-O 6.d3 h6 7.Be3 d6 8.h3 Be6 
9.b3 a6 10.a4 Na5 11.Rb1 Nxc4 12.bxc4 b6 13.Qd2 g5 14.Nd5 Nxd5 15.cxd5 Bd7
16.Ra1 c6 17.c4 f5 18.Rab1 c5 19.Qe2 f4 20.Bd2 g4 21.hxg4 Bxg4 22.g3 Kh7 
23.Kg2 Rg8 24.Rh1 Bg5 25.Nxg5+ Qxg5 26.f3 Bd7 27.g4 Rg6 28.Rh5 Qxh5 29.Rh1
Qg5 30.Kf1 Qf6 31.a5 b5 32.cxb5 axb5 33.Be1 Qg7 34.Rg1 Rg8 35.Bd2 Bxg4 36.
fxg4 Rxg4 37.Rxg4 Qxg4 38.Qxg4 Rxg4 39.Ke2 h5 40.a6 Rg8 41.Be1 b4 42.Kd2 
f3 43.Kc2 f2 44.Bxf2 Rg2 45.Kb3 Rxf2 46.Ka4 Rf8 47.Ka5 Ra8 48.Kb6 h4 49.
Kb7 Rxa6 50.Kxa6 h3 51.Kb5 h2 52.Kc6 h1=Q 53.Kxd6 Qb1 54.Kxc5 b3 55.Kc6 
Qxd3 56.d6 Qxe4+ 57.Kd7 b2 58.Ke7 b1=Q 59.d7 Qbb4+ 60.Ke8 Qg6+ 0-1

[Event "R6Ronde4 Rodez2-Cate2"]
[Site "?"]
[Date "2003.01.19"]
[Round "4.2"]
[White "Poussy, Daniel"]
[Black "Archimbeaud, Alain"]
[Result "1-0"]
[WhiteElo "1390"]
[BlackElo "1499"]
[EventDate "2003.??.??"]
[PlyCount "81"]

1.b3 e5 2.e4 Nf6 3.Nc3 Bc5 4.Bb2 b6 5.Bb5 a6 6.Be2 Bb7 7.d3 Bd4 8.Bf3 d5 
9.Rb1 O-O 10.Nge2 c5 11.Nxd4 cxd4 12.Ne2 dxe4 13.dxe4 Qd6 14.O-O Nbd7 15.
Ng3 Rac8 16.Nf5 Qe6 17.Bg4 Nxg4 18.Qxg4 Qf6 19.Nxg7 Qxg7 20.Qxd7 Bxe4 21.
f3 Bxc2 22.Rbc1 d3 23.Rf2 Rfd8 24.Qe7 f6 25.Qe6+ Kh8 26.f4 Re8 27.Qxb6 Kg8
28.Rd2 Qg6 29.Qxa6 Rcd8 30.Qc4+ Qf7 31.Qc5 e4 32.Qe3 f5 33.Qg3+ Kf8 34.
Ba3+ Re7 35.Qh4 e3 36.Rxd3 Rxd3 37.Qe1 Qe6 38.Rxc2 Kf7 39.Bxe7 Qxe7 40.Qe2
Kg7 41.Qxd3 1-0

[Event "R5 Montech-Montauban"]
[Site "?"]
[Date "2003.01.19"]
[Round "4"]
[White "Sauty, Francis"]
[Black "Kienlen, Gerard"]
[Result "0-1"]
[WhiteElo "1270"]
[BlackElo "1480"]
[EventDate "2003.??.??"]
[PlyCount "92"]

1.d4 Nf6 2.c3 g6 3.c4 Bg7 4.Nf3 O-O 5.Nc3 d6 6.e4 Nbd7 7.Be2 e5 8.d5 b6 9.
O-O h6 10.h3 Nh7 11.Bd3 Nc5 12.Be3 Nb7 13.b4 a6 14.Rb1 f5 15.Qc2 f4 16.Bc1
g5 17.Be2 g4 18.hxg4 Bxg4 19.Qd1 Bxf3 20.Bxf3 Ng5 21.Ba3 Qe7 22.Re1 Nd8 
23.Kf1 Ndf7 24.Ke2 Nxf3 25.gxf3 Ng5 26.Rh1 Kf7 27.Qc2 Rh8 28.Rbg1 h5 29.
Nb1 h4 30.c5 h3 31.Nd2 Bf6 32.Nf1 a5 33.b5 bxc5 34.Bc1 a4 35.a3 Qd7 36.Qd3
Rab8 37.Nh2 Rxb5 38.Ng4 Rb3 39.Nxf6 Kxf6 40.Qc4 Nxf3 41.Rd1 h2 42.Rd3 Rxd3
43.Qxd3 Rh3 44.Qc3 Ng1+ 45.Kd2 Rxc3 46.Kxc3 Nf3 0-1

[Event "R5 Montech-Montauban"]
[Site "?"]
[Date "2003.01.19"]
[Round "4"]
[White "Palos, Jean-Luc"]
[Black "Vuaillat, Jack"]
[Result "1/2-1/2"]
[WhiteElo "1440"]
[BlackElo "1700"]
[EventDate "2003.??.??"]
[PlyCount "24"]

1.Nf3 Nc6 2.e4 e5 3.Bb5 Bc5 4.O-O Nge7 5.Nxe5 Nxe5 6.d4 Bxd4 7.Qxd4 N7g6 
8.b3 c6 9.Bd3 O-O 10.Bb2 f6 11.Nd2 Kh8 12.Nf3 Nf4 {Illisible,une seule 
feuille de partie,nulle au 41eme coup} 1/2-1/2

[Event "R5 Montech-Montauban"]
[Site "?"]
[Date "2003.01.19"]
[Round "4"]
[White "Delachoux, Didier"]
[Black "Wacker, Peter"]
[Result "0-1"]
[WhiteElo "1499"]
[BlackElo "2276"]
[EventDate "2003.??.??"]
[PlyCount "30"]

1.c4 e5 2.Nc3 Bb4 3.Qc2 Nh6 4.g3 d6 5.e4 Nc6 6.Nd5 Be6 7.Nxb4 Nd4 8.Qa4+ 
Bd7 9.Qa3 a5 10.Qc3 axb4 11.Qd3 b3 12.a3 Nc2+ 13.Kd1 Nxa1 14.Nf3 Ng4 15.h4
Nxf2+ 0-1

[Event "R6Ronde4 Muret3-Tournefeuille3"]
[Site "?"]
[Date "2003.01.19"]
[Round "4.1"]
[White "Pillot, Patrice"]
[Black "Guesdon, Joel"]
[Result "0-1"]
[WhiteElo "1549"]
[BlackElo "1810"]
[EventDate "2003.??.??"]
[PlyCount "68"]

1.e4 e5 2.Nf3 Nc6 3.Nc3 d6 4.Bc4 h6 5.O-O Be7 6.d3 Na5 7.Bb3 c6 8.Be3 Nxb3
9.axb3 a6 10.Ne2 Nf6 11.c4 Ng4 12.Qd2 Be6 13.Nc3 Nxe3 14.Qxe3 g5 15.Ne2 g4
16.Nd2 Bg5 17.Qg3 Bxd2 18.Rab1 h5 19.d4 Qg5 20.h4 gxh3 21.Qxg5 Bxg5 22.g3 
O-O-O 23.d5 Bd7 24.f3 Rdg8 25.Kh2 Be3 26.Rbd1 c5 27.Rd3 Bf4 28.Rf2 Rxg3 
29.Nxg3 h4 30.Re2 hxg3+ 31.Kh1 g2+ 32.Kg1 h2+ 33.Kxg2 h1=Q+ 34.Kf2 Rh2# 
0-1

[Event "R6Ronde4 Muret3-Tournefeuille3"]
[Site "?"]
[Date "2003.01.19"]
[Round "4.4"]
[White "TARAVAUD, Evelyne"]
[Black "DURRIEU, Etiennette"]
[Result "1-0"]
[WhiteElo "1420"]
[BlackElo "1080"]
[PlyCount "95"]

1.Nf3 d5 2.b3 Nf6 3.Bb2 Bg4 4.e3 e6 5.Be2 Nbd7 6.d3 Bd6 7.Nbd2 O-O 8.c4 c6
9.h3 Bxf3 10.Nxf3 Bb4+ 11.Nd2 Qa5 12.Qc2 Bxd2+ 13.Qxd2 Qxd2+ 14.Kxd2 Rfe8 
15.g4 h6 16.h4 g6 17.g5 Nh5 18.Bxh5 gxh5 19.Rhg1 Kh7 20.f4 e5 21.f5 Rg8 
22.Rg2 Rae8 23.Rag1 dxc4 24.bxc4 c5 25.d4 Nb6 26.Kd3 e4+ 27.Ke2 Nxc4 28.
Ba1 b6 29.dxc5 bxc5 30.g6+ fxg6 31.Rxg6 Ne5 32.Bxe5 Rxe5 33.Rxg8 Re7 34.
Rc8 Rg7 35.Rxg7+ Kxg7 36.Rxc5 Kf6 37.Kd2 a6 38.Kc3 Ke7 39.Kd4 Kd6 40.Rd5+ 
Kc7 41.Kc4 Kb6 42.Rc5 a5 43.f6 a4 44.f7 a3 45.f8=Q Ka6 46.Qd6+ Kb7 47.Rc7+
Ka8 48.Qd8# 1-0

[Event "R6Ronde4 Albi3-Sainte-Foy2"]
[Site "?"]
[Date "2003.01.19"]
[Round "4.2"]
[White "LELEU, Benjamin"]
[Black "MARTINEZ, Loic"]
[Result "0-1"]
[WhiteElo "1140"]
[BlackElo "1320"]
[PlyCount "100"]

1.e4 e5 2.Nf3 Nc6 3.Bc4 Bc5 4.d3 h6 5.b4 Bxb4+ 6.c3 Ba5 7.O-O d6 8.d4 Qf6 
9.d5 Nd8 10.Qa4+ Bd7 11.Bb5 c6 12.Be2 Bb6 13.Qd1 c5 14.Nbd2 a6 15.Nc4 Ba7 
16.Bb2 b5 17.Ne3 c4 18.Qd2 Nb7 19.Bd1 Ne7 20.a4 O-O 21.axb5 axb5 22.Ne1 
Qg6 23.Bf3 f5 24.Qc2 f4 25.Nd1 Bc5 26.Qe2 Rxa1 27.Bxa1 Be8 28.Qb2 Bd7 29.
Qa2 Rc8 30.Qa6 Rc7 31.Bb2 Qf7 32.Ba3 Bxa3 33.Qxa3 Nc5 34.Qa5 Rc8 35.Nb2 
Nb3 36.Qa7 Qe8 37.Nc2 Nd2 38.Ra1 Nxf3+ 39.gxf3 Qd8 40.Kh1 Ng6 41.Rg1 Nh4 
42.Ne1 Qc7 43.Qa1 Qc5 44.Qa6 Qxf2 45.Qb7 Nxf3 46.Nxf3 Qxf3+ 47.Rg2 Qh3 48.
Qb6 Ra8 49.Qg1 Qf3 50.Qe1 Bh3 0-1

[Event "R5-A-Muret Gambit/CEIT"]
[Site "?"]
[Date "2003.01.19"]
[Round "3.4"]
[White "Camilleri, Herve"]
[Black "Pezou, Jean Claude"]
[Result "1-0"]
[WhiteElo "1660"]
[BlackElo "1590"]
[EventDate "2002.12.22"]
[PlyCount "159"]
[SourceDate "2002.12.17"]

1.e4 c5 2.Nf3 Nc6 3.d4 cxd4 4.Nxd4 Nf6 5.Nc3 a6 6.Be2 e5 7.Nxc6 bxc6 8.Bg5
Bb4 9.O-O O-O 10.Bc4 d6 11.Qf3 Be6 12.Bb3 Qe7 13.Rfd1 Rfd8 14.Rd3 Bxb3 15.
cxb3 Qe6 16.Rad1 Bc5 17.Bxf6 Qxf6 18.Qxf6 gxf6 19.Rf3 Kg7 20.Rdd3 Re8 21.
Rf5 Re6 22.g4 h6 23.Kg2 Bd4 24.Rd2 Rd8 25.Ne2 c5 26.Ng3 d5 27.f3 a5 28.Rh5
Kg6 29.Nf5 Rh8 30.exd5 Ree8 31.d6 Rd8 32.Kf1 Rd7 33.Ke2 Rb7 34.Kd3 Rb4 35.
Ne7+ Kg7 36.Nd5 Rb7 37.Rf5 Re8 38.Nxf6 Re6 39.Ne4 f6 40.Rc2 Rd7 41.Kc4 
Rdxd6 42.Nxd6 Rxd6 43.a4 Rb6 44.Rc3 Rb4+ 45.Kd5 Bxc3 46.bxc3 Rxb3 47.Kxc5 
Rb2 48.h4 Rb8 49.g5 fxg5 50.hxg5 Kg6 51.Rxe5 h5 52.Kd4 h4 53.Ke3 h3 54.Kf2
Rb2+ 55.Kg3 h2 56.Re1 Kxg5 57.Rh1 Rc2 58.Rxh2 Rxc3 59.Rh4 Ra3 60.Re4 Kf5 
61.Rc4 Ke6 62.Kf4 Kd5 63.Re4 Kc6 64.Kg4 Kd5 65.Rf4 Kc5 66.Kg5 Kd5 67.Kf6 
Kd6 68.Kg5 Kc5 69.Kg4 Kb6 70.Rc4 Rb3 71.Re4 Rb4 72.Kf5 Kc5 73.f4 Rb3 74.
Ke5 Rd3 75.f5 Rf3 76.Ke6 Kc6 77.f6 Rd3 78.f7 Rd6+ 79.Ke7 Rd7+ 80.Ke8 1-0

[Event "R5-A-Fleurance/CATE"]
[Site "?"]
[Date "2003.01.19"]
[Round "3.4"]
[White "Vallee-P., Francine"]
[Black "Viaud, Thierry"]
[Result "0-1"]
[WhiteElo "1640"]
[BlackElo "1540"]
[EventDate "2002.12.22"]
[PlyCount "74"]
[SourceDate "2002.12.17"]

1.e4 c5 2.c3 d5 3.e5 e6 4.d4 Nc6 5.Nf3 Qb6 6.a3 Nge7 7.dxc5 Qxc5 8.Be3 Qa5
9.Nbd2 Ng6 10.Bd4 Bd7 11.Be2 Qc7 12.Qb3 Be7 13.Bd3 Nf4 14.Bf1 Nxd4 15.cxd4
Rc8 16.Qd1 O-O 17.g3 Ng6 18.Bd3 f5 19.O-O Qb6 20.b4 Rc3 21.Be2 Rfc8 22.Qb1
Qc7 23.Nb3 Ba4 24.Nc5 Bxc5 25.bxc5 Rb3 26.Qc1 Qa5 27.Ng5 Rc3 28.Qb2 Rb3 
29.Qc1 Rc3 30.Qd2 Rxg3+ 31.fxg3 Qxd2 32.Nxe6 Qxe2 33.Rxf5 Qe3+ 34.Rf2 Bb5 
35.Kg2 Qe4+ 36.Kg1 h6 37.h4 Nf8 0-1

[Event "R5-Vic/Condom"]
[Site "?"]
[Date "2003.01.19"]
[Round "5.4"]
[White "Hochet, Yannick"]
[Black "Calatrava, Julian"]
[Result "0-1"]
[WhiteElo "1540"]
[BlackElo "1750"]
[EventDate "2002.12.22"]
[PlyCount "63"]
[SourceDate "2002.12.17"]

1.e4 e5 2.Nf3 Nc6 3.Bb5 a6 4.Ba4 Nf6 5.O-O b5 6.Bb3 Be7 7.Re1 O-O 8.c3 d5 
9.exd5 Nxd5 10.Nxe5 Nxe5 11.Rxe5 c6 12.d4 Bd6 13.Re1 Qh4 14.g3 Qh3 15.Qf3 
Bg4 16.Qg2 Rfe8 17.Be3 Qh5 18.Nd2 Re7 19.Bd1 Rae8 20.Bxg4 Qxg4 21.Nf1 Re6 
22.h3 Qh5 23.g4 Qh4 24.Bd2 Rxe1 25.Rxe1 Rxe1 26.Bxe1 Nf4 27.Qxc6 Nxh3+ 28.
Kg2 Nf4+ 29.Kg1 Qxg4+ 30.Kh1 g6 31.Ng3 h5 32.Nf1 0-1

[Event "R5-Vic/Condom"]
[Site "?"]
[Date "2003.01.19"]
[Round "3.4"]
[White "Lavole, Olivier"]
[Black "Vitrou, Jonathan"]
[Result "0-1"]
[WhiteElo "1640"]
[BlackElo "1850"]
[EventDate "2002.12.22"]
[PlyCount "52"]
[SourceDate "2002.12.17"]

1.e4 e5 2.Nf3 Nf6 3.Nxe5 d6 4.Nf3 Nxe4 5.Nc3 Nxc3 6.dxc3 Nc6 7.Bf4 Bg4 8.
Be2 Be7 9.Qd2 O-O 10.O-O-O a5 11.h3 Be6 12.Kb1 Qd7 13.g4 Rfb8 14.Rhg1 b5 
15.h4 b4 16.g5 bxc3 17.Qxc3 g6 18.h5 Bf8 19.b3 Bg7 20.Qd2 a4 21.hxg6 fxg6 
22.Rg3 axb3 23.cxb3 Bxb3 24.axb3 Rxb3+ 25.Kc2 Rb2+ 26.Kd3 Ra3+ 0-1

[Event "R5-Vic/Condom"]
[Site "?"]
[Date "2003.01.19"]
[Round "1.4"]
[White "Giraut, Laurent"]
[Black "Darganon, Remi"]
[Result "1-0"]
[WhiteElo "1880"]
[BlackElo "2125"]
[EventDate "2002.12.22"]
[PlyCount "55"]
[SourceDate "2002.12.17"]

1.d4 Nf6 2.Nf3 d6 3.g3 g6 4.c4 Bg7 5.Nc3 O-O 6.Bg2 c5 7.O-O Nbd7 8.e4 cxd4
9.Nxd4 Ne5 10.b3 Qa5 11.Bb2 Bd7 12.Re1 Rac8 13.Nd5 Nxd5 14.exd5 Qb6 15.Rb1
Rfe8 16.h3 a5 17.Kh2 a4 18.f4 Nxc4 19.bxc4 Rxc4 20.Ba1 Qc5 21.Rxb7 Bxd4 
22.Rxd7 e5 23.fxe5 Rxe5 24.Rxe5 dxe5 25.Bxd4 Rxd4 26.Qf3 f5 27.Qe3 f4 28.
gxf4 1-0

[Event "CEIT-Montech"]
[Site "?"]
[Date "2003.02.02"]
[Round "5"]
[White "Wacker, Peter"]
[Black "Landes, Rene"]
[Result "0-1"]
[WhiteElo "1499"]
[BlackElo "1630"]
[EventDate "2003.??.??"]
[PlyCount "77"]

1.e4 c5 2.Bc4 Nc6 3.a3 d6 4.Nh3 Nf6 5.Ng5 e6 6.d3 Be7 7.Nc3 a6 8.O-O b5 9.
Ba2 h6 10.Nh3 e5 11.Bd5 Nxd5 12.exd5 Nd4 13.b4 Bxh3 14.gxh3 Qd7 15.Kg2 
O-O-O 16.Ne4 f5 17.Nc3 Rdf8 18.Ne2 f4 19.f3 Rf6 20.Rg1 Nf5 21.c4 g5 22.
cxb5 Qxb5 23.Bb2 Ne3+ 24.Kh1 Nxd1 25.Raxd1 Kd7 26.Rgf1 cxb4 27.axb4 Rc8 
28.Nc3 Qxb4 29.Rb1 Rxc3 30.Bxc3 Qxc3 31.Rfd1 Rf8 32.Rb7+ Ke8 33.Rbb1 Kf7 
34.Rbc1 Qb3 35.Rc7 Qxd1+ 36.Kg2 Rb8 37.h4 Rb2+ 38.Kh3 Qg1 39.Rc1 0-1

[Event "R5-A-Castel-M./Condom"]
[Site "?"]
[Date "2003.02.02"]
[Round "5.6"]
[White "Dols, Martin"]
[Black "Alegret, Jean Pierre"]
[Result "0-1"]
[WhiteElo "1220"]
[BlackElo "1600"]
[EventDate "2003.03.01"]
[PlyCount "52"]
[SourceDate "2003.03.01"]

1.e4 d5 2.d3 dxe4 3.dxe4 Qxd1+ 4.Kxd1 Bg4+ 5.f3 Bh5 6.Bf4 Nf6 7.Bxc7 Nxe4 
8.Ke1 Nc5 9.Nc3 e6 10.Rd1 Nbd7 11.Bb5 a6 12.Bc4 b5 13.Bd3 Rc8 14.Ba5 Nb7 
15.b4 Rxc3 16.Ne2 Rc8 17.Nf4 Bg6 18.Nxg6 hxg6 19.Kf2 Nxa5 20.bxa5 Bc5+ 21.
Ke2 Nf6 22.c4 Rb8 23.Rhe1 bxc4 24.Bxc4 Rxh2 25.Kf1 Rb2 26.Re2 Rh1# 0-1

[Event "R5-A-Castel-M./Condom"]
[Site "?"]
[Date "2003.02.02"]
[Round "5.2"]
[White "Cebollero, Daniel"]
[Black "Vitrou, Jonathan"]
[Result "1-0"]
[WhiteElo "1660"]
[BlackElo "1850"]
[EventDate "2003.03.01"]
[PlyCount "59"]
[SourceDate "2003.03.01"]

1.d4 d5 2.c4 e6 3.Nc3 Nf6 4.Nf3 c6 5.Bf4 Nbd7 6.e3 dxc4 7.Bxc4 Nb6 8.Bd3 
Bd7 9.O-O Be7 10.Rc1 Rc8 11.Be5 O-O 12.Ne4 h6 13.Nd6 Rb8 14.Nd2 Nfd5 15.
Qg4 Nf6 16.Qf3 Nbd5 17.a3 Nc7 18.N2e4 Nxe4 19.Qxe4 f5 20.Qf3 Bxd6 21.Bxd6 
Rf6 22.Qg3 Rc8 23.Be5 Rf7 24.e4 Kh8 25.Qg6 Kg8 26.exf5 b5 27.fxe6 Nxe6 28.
Qh7+ Kf8 29.Bd6+ Re7 30.Bg6 1-0

[Event "R6Ronde5 Muret3-Vic Bigorre2"]
[Site "?"]
[Date "2003.02.02"]
[Round "5.1"]
[White "PILLOT, Patrice"]
[Black "REIGNIER, Franck"]
[Result "1-0"]
[WhiteElo "1549"]
[BlackElo "1499"]
[PlyCount "65"]

1.e4 c6 2.d4 d5 3.e5 Bf5 4.Bf4 e6 5.Nd2 c5 6.c3 Nc6 7.Ngf3 Qc7 8.Rc1 Qb6 
9.b3 cxd4 10.c4 Ba3 11.cxd5 exd5 12.Nb1 Bxc1 13.Qxc1 Qa5+ 14.Qd2 Bxb1 15.
a4 Ba2 16.Qxa5 Nxa5 17.b4 Nb3 18.Bb5+ Ke7 19.O-O Rc8 20.Re1 a6 21.Bd3 Nc1 
22.Bxc1 Bc4 23.Bf5 Rc7 24.Nxd4 b5 25.a5 g6 26.Bg5+ Kf8 27.Bg4 Kg7 28.e6 
Nf6 29.exf7 Rxf7 30.Ne6+ Kg8 31.Nd8 Rc7 32.Bxf6 d4 33.Re8# 1-0